|
|
|
|
| LEADER |
01437nam a2200349 a 4500 |
| 001 |
27850 |
| 003 |
BD-DhAAL |
| 005 |
20150208121236.0 |
| 008 |
140122s1990 nyua b 001 0 eng |
| 010 |
|
|
|a 89063284
|
| 020 |
|
|
|a 9780743299794
|
| 020 |
|
|
|a 0743299795
|
| 040 |
|
|
|a DLC
|c DLC
|d DLC
|d BD-DhAAL
|
| 050 |
0 |
0 |
|a HD9710.A2
|b W65 1990
|
| 082 |
0 |
0 |
|a 338.47629222112
|2 20
|
| 999 |
|
|
|c 14145
|d 14145
|
| 999 |
|
|
|c 14145
|
| 999 |
|
|
|c 14145
|
| 999 |
|
|
|c 14145
|
| 100 |
1 |
|
|a Womack, James P.
|9 3741
|
| 245 |
1 |
4 |
|a The machine that changed the world /
|c James P. Womack, Daniel T. Jones, Daniel Roos.
|
| 260 |
|
|
|a New York :
|b Rawson Associates;
|b Free Press ;
|c c2007
|
| 300 |
|
|
|a viii, 339 p. :
|b ill. ;
|c 23 cm.
|
| 504 |
|
|
|a Includes bibliographical references (p. 299-301) and index.
|
| 541 |
|
|
|e 27849, 27850
|
| 650 |
|
0 |
|a Automobile industry and trade
|x Forecasting.
|9 3742
|
| 700 |
1 |
|
|a Jones, Daniel T.
|9 3743
|
| 700 |
1 |
|
|a Roos, Daniel.
|9 3744
|
| 710 |
2 |
|
|a Massachusetts Institute of Technology.
|9 3745
|
| 942 |
|
|
|2 ddc
|c BK
|
| 952 |
|
|
|0 0
|1 0
|2 ddc
|4 0
|6 338_476292221120000_WOM
|7 0
|9 23841
|a BRACUL
|b BRACUL
|c GEN
|d 2014-01-22
|e Trim Education
|g 1875.00
|l 4
|m 35
|o 338.47629222112 WOM
|p 3010027850
|r 2017-10-03
|s 2017-04-16
|t 2
|w 2014-01-22
|y BK
|
| 952 |
|
|
|0 0
|1 0
|2 ddc
|4 0
|6 338_476292221120000_WOM
|7 0
|9 23842
|a BRACUL
|b BRACUL
|c GEN
|d 2014-01-22
|e Trim Education
|g 1875.00
|l 10
|m 69
|o 338.47629222112 WOM
|p 3010027849
|r 2019-09-22
|s 2019-08-29
|t 1
|w 2014-01-22
|y BK
|